First principles of public finance (Record no. 43563)

MARC details
000 -LEADER
fixed length control field 00523nam a2200145 a 4500
008 - FIXED-LENGTH DATA ELEMENTS--GENERAL INFORMATION
fixed length control field 120416s1936 ||||||||||||||||| || u
050 ## - LIBRARY OF CONGRESS CALL NUMBER
Classification number HJ 171 Vit
100 ## - MAIN ENTRY--PERSONAL NAME
Personal name Marget, Edith Pavlo
245 10 - TITLE STATEMENT
Title First principles of public finance
Statement of responsibility, etc. edited by Edith Pavlo Maret
260 ## - PUBLICATION, DISTRIBUTION, ETC.
Place of publication, distribution, etc. London
Name of publisher, distributor, etc. J. Cape
Date of publication, distribution, etc. 1936
300 ## - PHYSICAL DESCRIPTION
Extent 435p.
350 ## - PRICE (NR) (BK AM CF MU VM SE) [OBSOLETE]
Price 0.00
700 ## - ADDED ENTRY--PERSONAL NAME
Personal name Viti de Marco, Antonio
995 ## - RECOMMENDATION 995 [LOCAL, UNIMARC FRANCE]
-- 0.00
-- CBU-MAIN LIBRARY (Kitwe)
-- 1
-- 0.00
-- 1
-- DAMAGED
-- Main Library Open Access Collection
Holdings
Withdrawn status Lost status Source of classification or shelving scheme Damaged status Not for loan Home library Current library Shelving location Date acquired Total Checkouts Full call number Barcode Date last seen Price effective from Koha item type
          CBU-MAIN LIBRARY, KITWE. CBU-MAIN LIBRARY, KITWE.   11/30/2022   HJ 171 Vit 006664 11/30/2022 11/30/2022 MONOGRAPH